Countries: 'M' Quiz Stats

 Plays Quiz not verified by Sporcle

Score 0/19 Timer 05:00
0 Plays Today
Population Country % Correct
108,396,211Mexico
95.8%
14,517,176Mali
91.9%
21,146,000Madagascar
91.4%
33,000Monaco
90.2%
31,892,000Morocco
88.3%
28,306,700Malaysia
85.8%
2,768,800Mongolia
85.4%
416,333Malta
85.1%
15,692,000Malawi
84.9%
3,366,000Mauritania
84.8%
Population Country % Correct
2,048,620Macedonia
84.6%
23,406,000Mozambique
84.2%
3,563,800Moldova
83.7%
50,496,000Myanmar (Burma)
83.3%
1,297,000Mauritius
82.3%
622,344Montenegro
81.3%
314,000Maldives
78.9%
63,000Marshall Islands
77.9%
111,000(Federated States of) Micronesia
76.4%

You're not logged in!

Compare scores with friends on all Sporcle quizzes.
OR
Log In

Sporcle TV

Today on Sporcle TV


Watch our educational content, quiz creation guides, and fun videos on Sporcle TV.

Show Comments

Extras

Top Quizzes Today


Score Distribution

Your Account Isn't Verified!

In order to create a playlist on Sporcle, you need to verify the email address you used during registration. Go to your Sporcle Settings to finish the process.

Report this User

Report this user for behavior that violates our Community Guidelines.

Details: